| 000 | 01136nam a22002537a 4500 | ||
|---|---|---|---|
| 005 | 20090825120337.0 | ||
| 008 | 090728t xxu||||| |||| 00| 0 pun d | ||
| 010 | _aPUN-6514 | ||
| 020 |
_c250.00 _a97889350170502 |
||
| 035 | _aPN-5632 | ||
| 037 | _bDBAD / PUB | ||
| 040 |
_adpl _bpn |
||
| 082 | _a851.08 | ||
| 100 |
_924414 _aਯਾਦਵ, ਕੇ.ਐਸ |
||
| 245 |
_aਸਮਕਾਲੀ ਯਥਾਰਥ ਅਤੇ ਆਧੁਨਿਕ ਪੰਜਾਬੀ ਕਵਿਤਾ / _cਕੇ.ਐਸ. ਯਾਦਵ |
||
| 246 |
_aSamkali yatharath ate adhunik punjabi kavita _bby K.s. Yadav |
||
| 260 |
_aਚੰਡੀਗਡ਼ _bਲੋਕਗੀਤ ਪ੍ਰਕਾਸ਼ਨ _c2010 |
||
| 270 |
_as.c.o-26-27, Sector-34-A, _bਚੰਡੀਗਡ਼ _e160022 _k01624-682954, 09781534406 |
||
| 300 | 4 |
_a255 ਸਫੇ _c22 ਸੇਮੀ (ਸਜਿਲੱਦ) |
|
| 650 |
_924412 _aਅਲੋਚਨਾ |
||
| 650 |
_aCritisium _924431 |
||
| 942 |
_2ddc _cPN _h851.08 _mਯਾਦਵ |
||
| 999 |
_c48891 _d48891 |
||